[Event "Plzen, JF B"]
[Site "?"]
[Date "1999.??.??"]
[Round "5.9"]
[White "Bauer, J."]
[Black "Hruska, V."]
[Result "1-0"]
[WhiteElo "1575"]
[BlackElo "1275"]
[PlyCount "93"]
[EventDate "1999.??.??"]
[Source "ChessBase"]
[SourceDate "1996.11.15"]

1. d4 d5 2. c4 c6 3. Nc3 e6 4. Nf3 Nf6 5. Bg5 Be7 6. e3 Nbd7 7. Bd3 c5 8. O-O
O-O 9. Rc1 b6 10. cxd5 exd5 11. dxc5 bxc5 12. Bb5 Nb6 13. Ne5 Qd6 14. Bf4 Qe6
15. Nf3 Bb7 16. Ne2 Ne4 17. Be5 Rac8 18. Nf4 Qh6 19. b4 Rfd8 20. bxc5 Rxc5 21.
Nd4 g6 22. Rxc5 Nxc5 23. Nc6 Bxc6 24. Bxc6 g5 25. Nxd5 Nxd5 26. Bxd5 Nd7 27.
Bc7 Rc8 28. Bxf7+ Kxf7 29. Qxd7 Rg8 30. Qf5+ Bf6 31. Rd1 Re8 32. Rd7+ Re7 33.
Qd5+ Kg7 34. Rxe7+ Bxe7 35. Be5+ Bf6 36. Bxf6+ Qxf6 37. Qd4 Qxd4 38. exd4 Kf6
39. f3 Ke6 40. Kf2 Kd5 41. Ke3 a6 42. g3 h6 43. f4 gxf4+ 44. gxf4 h5 45. h4 a5
46. a4 Kc4 47. f5 1-0

[Event "Plzen, JF B"]
[Site "?"]
[Date "1999.??.??"]
[Round "5.10"]
[White "Stich, M."]
[Black "Kralovec, V."]
[Result "0-1"]
[WhiteElo "1495"]
[BlackElo "1536"]
[PlyCount "106"]
[EventDate "1999.??.??"]
[Source "ChessBase"]
[SourceDate "1996.11.15"]

1. e4 d6 2. d4 Nf6 3. Nc3 g6 4. Nf3 Bg7 5. Bd3 O-O 6. O-O c6 7. Bg5 Nbd7 8. Qd2
b5 9. a3 Bb7 10. Rfe1 Ne8 11. Bh6 Nc7 12. Ne2 c5 13. c3 c4 14. Bc2 e5 15. dxe5
Nxe5 16. Nxe5 dxe5 17. Qxd8 Rfxd8 18. Bxg7 Kxg7 19. Rad1 Ne6 20. Nc1 Rac8 21.
g3 Nc5 22. f3 Kf6 23. Kf2 Ke6 24. Rxd8 Rxd8 25. Rd1 Rxd1 26. Bxd1 f5 27. exf5+
gxf5 28. Bc2 e4 29. fxe4 fxe4 30. Ke3 Nd3 31. Nxd3 cxd3 32. Bb3+ Bd5 33. Bd1
Kf5 34. h4 h6 35. b4 Ke5 36. Bg4 Kd6 37. Bf5 Kc7 38. Bg4 a5 39. Bd1 a4 40. Bg4
Kd6 41. Bh5 Bc6 42. Bg4 Kd5 43. Bd1 Kc4 44. Kd2 e3+ 45. Kxe3 Kxc3 46. g4 Bd5
47. g5 hxg5 48. hxg5 Bc4 49. g6 Kb2 50. g7 Kxa3 51. g8=Q Bxg8 52. Kxd3 Bb3 53.
Bf3 Kb2 0-1

[Event "Plzen, JF B"]
[Site "?"]
[Date "1999.??.??"]
[Round "5.11"]
[White "Straka, V."]
[Black "Vogeltanz, M."]
[Result "1-0"]
[WhiteElo "1572"]
[BlackElo "1429"]
[PlyCount "61"]
[EventDate "1999.??.??"]
[Source "ChessBase"]
[SourceDate "1996.11.15"]

1. e4 e6 2. d4 d5 3. e5 c5 4. c3 Nc6 5. Nf3 Qb6 6. a3 a5 7. Bd3 Bd7 8. Bc2 h6
9. O-O c4 10. Kh1 O-O-O 11. b3 f5 12. bxc4 dxc4 13. Nbd2 Qa6 14. Qe2 b5 15. a4
Na7 16. axb5 Bxb5 17. Ba4 Ne7 18. Bxb5 Nxb5 19. Qxc4+ Kd7 20. Nb3 Nc6 21. d5
exd5 22. Qxd5+ Ke7 23. Qc4 Ke8 24. Nbd4 Nca7 25. Nxf5 Rc8 26. Nd6+ Bxd6 27.
Qe6+ Kf8 28. exd6 Nxd6 29. Ba3 Nab5 30. Ne5 Rd8 31. Qf7# 1-0

[Event "Plzen, JF B"]
[Site "?"]
[Date "1999.??.??"]
[Round "5.12"]
[White "Rehak, M."]
[Black "Sodoma, J."]
[Result "0-1"]
[WhiteElo "1259"]
[BlackElo "1745"]
[PlyCount "72"]
[EventDate "1999.??.??"]
[Source "ChessBase"]
[SourceDate "1996.11.15"]

1. e4 e5 2. Nf3 Nc6 3. Bb5 Nd4 4. Nxd4 exd4 5. c3 Bc5 6. d3 c6 7. Ba4 Ne7 8.
Nd2 dxc3 9. bxc3 d5 10. d4 Bb6 11. exd5 Nxd5 12. Qf3 O-O 13. O-O Nxc3 14. Qxc3
Bxd4 15. Qg3 Bxa1 16. Rd1 Qf6 17. Ne4 Qe5 18. Bf4 Qxe4 19. Rxa1 Qxa4 20. Bh6
Qd4 21. Re1 Bf5 22. Qe3 Qxe3 23. Bxe3 Rfe8 24. Rd1 Rad8 25. Rc1 a5 26. h3 a4
27. Rc4 a3 28. Rb4 b5 29. Rb3 Rd3 30. Rxd3 Bxd3 31. Bc5 Ra8 32. Kh2 Bc4 33. Bd4
Bxa2 34. Ba1 b4 35. g3 b3 36. Bc3 b2 0-1

[Event "Plzen, JF B"]
[Site "?"]
[Date "1999.??.??"]
[Round "5.13"]
[White "Bim, T."]
[Black "Barton, J."]
[Result "0-1"]
[WhiteElo "1550"]
[BlackElo "1705"]
[PlyCount "102"]
[EventDate "1999.??.??"]
[Source "ChessBase"]
[SourceDate "1996.11.15"]

1. e4 d5 2. Nc3 d4 3. Nce2 e5 4. Nf3 c5 5. Ng3 Nc6 6. Bc4 Be7 7. O-O h6 8. b3
Nf6 9. Ba3 O-O 10. h3 Rb8 11. Qe2 a6 12. Rab1 Qc7 13. Rfc1 Rd8 14. Bd3 Qd7 15.
Rd1 c4 16. Bxe7 cxd3 17. Qxd3 Qxe7 18. a4 Nb4 19. Qe2 Nxc2 20. Rdc1 d3 21. Qf1
b5 22. axb5 Rxb5 23. Ne1 Nxe1 24. Rxe1 g6 25. Re3 Bb7 26. f3 Qc5 27. Rc1 Qb6
28. Kh1 Rxb3 29. f4 Qd6 30. f5 g5 31. Qd1 Ra3 32. Qf3 Ra2 33. Nf1 Rc8 34. Rxd3
Qf8 35. Re1 Rc4 36. Ng3 Raa4 37. Rde3 Rc2 38. R3e2 Ra3 39. d3 Rxe2 40. Qxe2 Bc6
41. Rd1 Bb5 42. Qb2 Qd6 43. d4 Rxg3 44. dxe5 Qxd1+ 45. Kh2 Rb3 46. Qf2 Nxe4 47.
Qb6 Rxh3+ 48. gxh3 Qe2+ 49. Kh1 Qe1+ 50. Kg2 Qg3+ 51. Kh1 Nf2+ 0-1

[Event "Plzen, JF B"]
[Site "?"]
[Date "1999.??.??"]
[Round "5.14"]
[White "Fastova, K."]
[Black "Priborsky, M."]
[Result "0-1"]
[WhiteElo "1255"]
[BlackElo "1487"]
[PlyCount "98"]
[EventDate "1999.??.??"]
[Source "ChessBase"]
[SourceDate "1996.11.15"]

1. e4 e5 2. Nf3 Nc6 3. Nc3 Nf6 4. Bb5 Bb4 5. O-O O-O 6. Re1 d6 7. h3 Be6 8. a3
Ba5 9. b4 Bb6 10. Na4 Nd7 11. Nxb6 axb6 12. d3 f5 13. Ng5 Bf7 14. Nxf7 Kxf7 15.
Bc4+ Ke8 16. Qh5+ g6 17. Qxh7 Qf6 18. Bh6 Rh8 19. Bf7+ Ke7 20. Qxg6 Rxh6 21.
Qxf6+ Nxf6 22. Bb3 f4 23. c3 Rah8 24. f3 Rg6 25. Rad1 Rxh3 26. Kf2 Rh2 27. Rg1
Nh7 28. Bd5 Ng5 29. Kf1 Nh7 30. Kf2 Nf6 31. Bb3 Na7 32. a4 c6 33. d4 Rh5 34.
Ke2 Rhg5 35. Kf1 exd4 36. cxd4 Nd7 37. Bc2 Rg8 38. Bb3 R8g7 39. Bc4 b5 40. axb5
Nxb5 41. d5 Nb6 42. Bb3 cxd5 43. exd5 Nc3 44. Re1+ Re5 45. Ra1 Nbxd5 46. Ra7
Kf6 47. Ra8 Nxb4 48. Rf8+ Ke7 49. Rxf4 Nd3 0-1

[Event "Plzen, JF B"]
[Site "?"]
[Date "1999.??.??"]
[Round "5.15"]
[White "Simlova, J."]
[Black "Bernerova, M."]
[Result "1-0"]
[WhiteElo "1550"]
[BlackElo "1485"]
[PlyCount "61"]
[EventDate "1999.??.??"]
[Source "ChessBase"]
[SourceDate "1996.11.15"]

1. e4 e5 2. f4 d6 3. Nf3 Qf6 4. f5 g6 5. Nc3 c6 6. d4 Bh6 7. dxe5 dxe5 8. Bxh6
Nxh6 9. Qd2 gxf5 10. O-O-O O-O 11. Rg1 Re8 12. exf5 Nxf5 13. g4 Ng7 14. Ng5 Ne6
15. Nce4 Qe7 16. Bc4 Nxg5 17. Nxg5 Be6 18. Bd3 h6 19. Nh7 Qh4 20. Rdf1 Kh8 21.
g5 hxg5 22. Nxg5 Rg8 23. h3 Na6 24. Qe3 Rg7 25. Qxe5 Rag8 26. Nxe6 fxe6 27. Rf7
Qh6+ 28. Kd1 Nb4 29. Rfxg7 Qxg7 30. Qh5+ Qh6 31. Qxh6# 1-0

[Event "Plzen, JF B"]
[Site "?"]
[Date "1999.??.??"]
[Round "5.16"]
[White "Kracikova, K."]
[Black "Kracik, M."]
[Result "1/2-1/2"]
[WhiteElo "1550"]
[BlackElo "1458"]
[PlyCount "116"]
[EventDate "1999.??.??"]
[Source "ChessBase"]
[SourceDate "1996.11.15"]

1. e4 e5 2. Nf3 Nc6 3. Bb5 Nf6 4. O-O d6 5. Re1 a6 6. Ba4 b5 7. Bb3 Be6 8. Bxe6
fxe6 9. d4 exd4 10. Nxd4 Nxd4 11. Qxd4 Be7 12. e5 c5 13. Qf4 Nd5 14. Qe4 Nc7
15. Qc6+ Qd7 16. Qxd7+ Kxd7 17. exd6 Bxd6 18. b3 Raf8 19. a4 Rf5 20. axb5 axb5
21. c4 Rhf8 22. f3 Be5 23. Rd1+ Bd4+ 24. Be3 e5 25. Ra7 Kc6 26. Bxd4 exd4 27.
cxb5+ Kxb5 28. Rxc7 Rg5 29. Na3+ Kb4 30. Ra7 Re8 31. Nc2+ Kxb3 32. Na1+ Kc3 33.
Ra3+ Kc4 34. Rc1+ Kd5 35. Nb3 Rc8 36. Ra5 Kd6 37. Ra6+ Kd5 38. Ra5 Kd6 39. Ra4
Rb8 40. Nd2 Rd5 41. Ne4+ Kc6 42. Rca1 d3 43. Nc3 Rb3 44. Nxd5 Kxd5 45. Rd1 c4
46. Rc1 c3 47. Ra2 d2 48. Rd1 Kd4 49. Kf2 Kd3 50. Ra6 Rb7 51. Rd6+ Kc2 52. Rf1
Kb2 53. Ke2 Kc2 54. g4 Re7+ 55. Kf2 Rb7 56. Ke2 Re7+ 57. Kf2 Rb7 58. Ke2 Re7+
1/2-1/2

[Event "Plzen, JF B"]
[Site "?"]
[Date "1999.??.??"]
[Round "5.17"]
[White "Cervinka, R."]
[Black "Smazalova, H."]
[Result "1-0"]
[WhiteElo "1444"]
[BlackElo "1350"]
[PlyCount "117"]
[EventDate "1999.??.??"]
[Source "ChessBase"]
[SourceDate "1996.11.15"]

1. e4 e5 2. Nf3 Nc6 3. Bb5 Nf6 4. O-O Bc5 5. Re1 O-O 6. c3 Re8 7. h3 d6 8. d4
exd4 9. cxd4 Bb4 10. Bd2 Bxd2 11. Nbxd2 a6 12. Ba4 b5 13. Bc2 Bb7 14. e5 dxe5
15. dxe5 Nd7 16. e6 Rxe6 17. Rxe6 fxe6 18. Bb3 Nf8 19. Ne4 Qxd1+ 20. Rxd1 Nb4
21. Neg5 Bxf3 22. Nxf3 h6 23. Nd4 Rd8 24. a3 c5 25. Nxb5 Rxd1+ 26. Bxd1 axb5
27. axb4 cxb4 28. Be2 Nd7 29. Bxb5 Nc5 30. Kf1 Kf7 31. Ke2 Kf6 32. Ke3 Ke5 33.
Bd3 Na4 34. b3 Nc5 35. f4+ Kd5 36. Bc4+ Kd6 37. Kd4 h5 38. h4 Nd7 39. Be2 Nf6
40. Kc4 Kc6 41. Bf3+ Kb6 42. Kxb4 g6 43. Kc4 Kc7 44. Kc5 Nd7+ 45. Kb4 Nb6 46.
Be2 Nd7 47. Bd3 Nf8 48. Kc5 Nd7+ 49. Kd4 Nf8 50. Ke5 Kc6 51. Kf6 Kc5 52. Bxg6
Nxg6 53. Kxg6 Kb4 54. Kf6 Kxb3 55. Kxe6 Kc4 56. f5 Kc5 57. f6 Kc6 58. f7 Kc5
59. f8=Q+ 1-0

[Event "Plzen, JF B"]
[Site "?"]
[Date "1999.??.??"]
[Round "5.18"]
[White "Soral, D."]
[Black "Zemen, J."]
[Result "0-1"]
[WhiteElo "1550"]
[BlackElo "1375"]
[PlyCount "96"]
[EventDate "1999.??.??"]
[Source "ChessBase"]
[SourceDate "1996.11.15"]

1. e4 e5 2. Nf3 Nc6 3. d4 exd4 4. Nxd4 Nf6 5. Nxc6 bxc6 6. e5 Nd5 7. Bc4 Nb6 8.
Bb3 Be7 9. O-O Ba6 10. Re1 O-O 11. Nc3 Bg5 12. Bxg5 Qxg5 13. Ne4 Qxe5 14. Ng3
Qxb2 15. Rb1 Qf6 16. Ne4 Qd8 17. Qh5 h6 18. c3 d5 19. Rbd1 Qe7 20. Ng3 Qg5 21.
Qxg5 hxg5 22. Rd4 Rae8 23. Rxe8 Rxe8 24. h3 Bc4 25. Bc2 Bxa2 26. Rg4 f6 27. h4
gxh4 28. Rxh4 Kf7 29. Nf5 Re2 30. Bd3 Rd2 31. Ba6 Rc2 32. Rh3 Na4 33. Rh7 Kg6
34. Rh4 Nc5 35. Bc8 Kf7 36. Rh7 Rxc3 37. Rxg7+ Kf8 38. Rh7 Bb1 39. Rxc7 Bxf5
40. Bxf5 a5 41. Rc8+ Ke7 42. Ra8 a4 43. Ra7+ Kd6 44. Bb1 Rc1+ 45. Kh2 Rxb1 46.
g4 Rb2 47. Kg3 Ne4+ 48. Kf3 Rxf2+ 0-1

[Event "Plzen, JF B"]
[Site "?"]
[Date "1999.??.??"]
[Round "5.19"]
[White "Barton, O."]
[Black "Pokorny, J."]
[Result "1-0"]
[WhiteElo "1673"]
[BlackElo "1550"]
[PlyCount "57"]
[EventDate "1999.??.??"]
[Source "ChessBase"]
[SourceDate "1996.11.15"]

1. e4 e5 2. Nf3 Nc6 3. Bc4 Nf6 4. Ng5 Bc5 5. Nxf7 Bxf2+ 6. Kf1 Qe7 7. Nxh8 Nxe4
8. Qf3 Nd6 9. Qxf2 Nxc4 10. d3 Nd6 11. Nc3 Qe6 12. Be3 b6 13. Ke2 Ba6 14. Raf1
O-O-O 15. Nf7 Nd4+ 16. Kd2 Re8 17. Nxd6+ cxd6 18. Qf7 Re7 19. Qxe6 dxe6 20.
Bxd4 exd4 21. Ne2 Bb7 22. Rf2 e5 23. Ng3 a5 24. c3 dxc3+ 25. bxc3 b5 26. Ne4
Rd7 27. Rhf1 d5 28. Nc5 Rc7 29. Rf8# 1-0

[Event "Plzen, JF B"]
[Site "?"]
[Date "1999.??.??"]
[Round "5.20"]
[White "Simlova, K."]
[Black "Grobelsek, M."]
[Result "1-0"]
[WhiteElo "1550"]
[BlackElo "1500"]
[PlyCount "47"]
[EventDate "1999.??.??"]
[Source "ChessBase"]
[SourceDate "1996.11.15"]

1. e4 e5 2. Nf3 Nc6 3. Nc3 Be7 4. Bb5 Nf6 5. O-O O-O 6. Bxc6 bxc6 7. Nxe5 h6 8.
d4 c5 9. d5 d6 10. Nc6 Qd7 11. Qf3 Ng4 12. h3 Ne5 13. Nxe5 dxe5 14. Qg3 Qd6 15.
Nb5 Qb6 16. a4 f5 17. Qxe5 Bd8 18. d6 c6 19. Nc7 Bf6 20. Qg3 Rb8 21. e5 Bd8 22.
Bxh6 Rf7 23. e6 Rxc7 24. e7 1-0

[Event "Plzen, JF B"]
[Site "?"]
[Date "1999.??.??"]
[Round "5.21"]
[White "Matousek, Lu"]
[Black "Honzl, O."]
[Result "0-1"]
[WhiteElo "1350"]
[BlackElo "1268"]
[PlyCount "72"]
[EventDate "1999.??.??"]
[Source "ChessBase"]
[SourceDate "1996.11.15"]

1. e4 e5 2. Nf3 Nc6 3. Nc3 Nf6 4. Bc4 Bc5 5. O-O d6 6. d3 Bg4 7. Be3 Bb6 8. h3
Bh5 9. Bxb6 axb6 10. Re1 Nd4 11. Ne2 Bxf3 12. gxf3 Nxf3+ 13. Kh1 Nxe1 14. Qxe1
d5 15. exd5 Nxd5 16. d4 Qd7 17. Qf1 O-O 18. Bd3 f5 19. dxe5 Qc6 20. Ng3 Ne3+
21. Be4 fxe4 22. fxe3 Rxf1+ 23. Rxf1 Rf8 24. Rxf8+ Kxf8 25. c3 Qd5 26. a3 Qxe5
27. Kh2 g5 28. b3 h5 29. c4 h4 30. a4 Qxg3+ 31. Kh1 Qxh3+ 32. Kg1 g4 33. b4
Qxe3+ 34. Kh1 h3 35. c5 Qf2 36. cxb6 Qg2# 0-1

[Event "Plzen, JF B"]
[Site "?"]
[Date "1999.??.??"]
[Round "5.22"]
[White "Palkova, K."]
[Black "Toman, J."]
[Result "0-1"]
[WhiteElo "1350"]
[BlackElo "1550"]
[PlyCount "37"]
[EventDate "1999.??.??"]
[Source "ChessBase"]
[SourceDate "1996.11.15"]

1. e4 c5 2. Nf3 d6 3. Bc4 Nf6 4. Nc3 g6 5. d3 Bg7 6. Be3 O-O 7. O-O Nc6 8. Qd2
Bg4 9. Nh4 a6 10. Bh6 b5 11. Bb3 b4 12. Na4 Nd4 13. Bc4 Qc7 14. e5 dxe5 15. f3
Bd7 16. Bxg7 Kxg7 17. Qg5 h6 18. Qg3 Ne2+ 19. Kh1 0-1

[Event "Plzen, JF B"]
[Site "?"]
[Date "1999.??.??"]
[Round "5.23"]
[White "Jurek, M."]
[Black "Franta, S."]
[Result "1-0"]
[WhiteElo "1350"]
[BlackElo "1550"]
[PlyCount "59"]
[EventDate "1999.??.??"]
[Source "ChessBase"]
[SourceDate "1996.11.15"]

1. e4 e5 2. Nf3 Nc6 3. Bc4 g6 4. O-O Nf6 5. Nc3 Bg7 6. d4 Nxd4 7. Nxe5 Ne6 8.
Bg5 d6 9. Nf3 Nxg5 10. Nxg5 Be6 11. Nxe6 fxe6 12. Bxe6 Qe7 13. Bc4 O-O-O 14. h3
Rhe8 15. Re1 Qd7 16. Qd4 b6 17. a4 c5 18. Ba6+ Kb8 19. Qc4 Re7 20. b4 d5 21.
Nxd5 Rxe4 22. Nxf6 Bxf6 23. Qxe4 Bxa1 24. Rxa1 Re8 25. Qf4+ Ka8 26. Bb5 Rf8 27.
Qxf8+ Kb7 28. Bxd7 Kc7 29. Rd1 cxb4 30. Qc8# 1-0

[Event "Plzen, JF B"]
[Site "?"]
[Date "1999.??.??"]
[Round "5.24"]
[White "Bouska, M."]
[Black "Karbusicky, O."]
[Result "1-0"]
[WhiteElo "1250"]
[BlackElo "1350"]
[PlyCount "53"]
[EventDate "1999.??.??"]
[Source "ChessBase"]
[SourceDate "1996.11.15"]

1. e4 e5 2. Nf3 Nc6 3. Bc4 Nf6 4. d3 d6 5. Nc3 Bg4 6. Bg5 Nd4 7. Nd5 h6 8.
Nxf6+ gxf6 9. Bh4 Bxf3 10. gxf3 Rg8 11. c3 Nxf3+ 12. Qxf3 Be7 13. Qh5 Rf8 14.
Rg1 f5 15. Rg7 Bxh4 16. Rxf7 Qg5 17. Rxf8+ Kd7 18. Qxg5 Bxg5 19. Rxa8 fxe4 20.
dxe4 h5 21. Ke2 Bf4 22. h3 c6 23. Rg1 d5 24. exd5 cxd5 25. Rg6 dxc4 26. Rh8 e4
27. Rh7+ 1-0

[Event "Plzen, JF B"]
[Site "?"]
[Date "1999.??.??"]
[Round "5.25"]
[White "Kracikova, L."]
[Black "Tolar, J."]
[Result "1-0"]
[WhiteElo "1350"]
[BlackElo "1350"]
[PlyCount "41"]
[EventDate "1999.??.??"]
[Source "ChessBase"]
[SourceDate "1996.11.15"]

1. e4 e5 2. Nf3 Nc6 3. Bc4 Be7 4. Ng1 d6 5. Ne2 Nf6 6. Nbc3 O-O 7. d3 a6 8. O-O
Bd7 9. d4 b5 10. Bb3 b4 11. Nd5 Nxe4 12. Nxe7+ Qxe7 13. Bd5 h6 14. Bxe4 f5 15.
Bd5+ Kh8 16. Bxc6 Bxc6 17. d5 Bb7 18. Qd3 f4 19. b3 Qg5 20. Rd1 f3 21. Bxg5 1-0

[Event "Plzen, JF B"]
[Site "?"]
[Date "1999.??.??"]
[Round "5.26"]
[White "Konig, M."]
[Black "Momotov, I."]
[Result "1-0"]
[WhiteElo "1550"]
[BlackElo "1350"]
[PlyCount "81"]
[EventDate "1999.??.??"]
[Source "ChessBase"]
[SourceDate "1996.11.15"]

1. e4 e5 2. d4 exd4 3. c3 Nc6 4. cxd4 Nf6 5. e5 Ne4 6. Bc4 d5 7. Bb3 Bb4+ 8.
Bd2 Nxd2 9. Nxd2 Nxd4 10. Ne2 Nf5 11. O-O Qg5 12. Bxd5 Bxd2 13. f4 Be3+ 14. Kh1
Qg4 15. Qd3 O-O 16. Be4 Nh4 17. Qxe3 f5 18. Bf3 Qg6 19. g3 Nxf3 20. Rxf3 Qc6
21. Kg1 Rd8 22. Rff1 Qc2 23. Rab1 Rd2 24. Qb3+ Kh8 25. Qxc2 Rxc2 26. Nd4 Rd2
27. Nb3 Rc2 28. Rbd1 Be6 29. Nd4 Rxb2 30. Nxe6 Rxa2 31. Rd7 Re8 32. Rfd1 h6 33.
Nxc7 Rc8 34. Ne6 Rg8 35. Rxb7 a5 36. Ra7 Rc8 37. Rxg7 Re8 38. Rf7 Rb2 39. Rdd7
Rbb8 40. Rh7+ Kg8 41. Rdg7# 1-0

[Event "Plzen, JF B"]
[Site "?"]
[Date "1999.??.??"]
[Round "5.27"]
[White "Matousek, Li"]
[Black "Kovar, J."]
[Result "0-1"]
[WhiteElo "1350"]
[BlackElo "1250"]
[PlyCount "38"]
[EventDate "1999.??.??"]
[Source "ChessBase"]
[SourceDate "1996.11.15"]

1. e4 c5 2. c4 Nc6 3. Nf3 e6 4. d4 d6 5. Bg5 Be7 6. Bxe7 Qxe7 7. d5 exd5 8.
cxd5 Qxe4+ 9. Be2 Nb4 10. O-O Nc2 11. Nc3 Qg6 12. Rc1 Bh3 13. Bb5+ Kf8 14. Ne1
Nxe1 15. g3 Nf3+ 16. Kh1 Bxf1 17. Qxf1 Nf6 18. Bd3 Qh5 19. Qe2 Qxh2# 0-1

[Event "Plzen, JF B"]
[Site "?"]
[Date "1999.??.??"]
[Round "6.1"]
[White "Priborsky, I."]
[Black "Rybak, D."]
[Result "1-0"]
[WhiteElo "1525"]
[BlackElo "1798"]
[PlyCount "45"]
[EventDate "1999.??.??"]
[Source "ChessBase"]
[SourceDate "1996.11.15"]

1. e4 e5 2. Nf3 Nc6 3. Bc4 Nf6 4. d4 exd4 5. e5 Ng4 6. Qe2 Qe7 7. Bf4 f6 8.
exf6 Nxf6 9. Nbd2 d6 10. O-O-O Bd7 11. Nb3 O-O-O 12. Nbxd4 Nxd4 13. Nxd4 Qxe2
14. Bxe2 Ne4 15. Be3 d5 16. Nf3 Re8 17. Rhe1 Bc6 18. Nd4 Bc5 19. Bg4+ Kb8 20.
Nxc6+ bxc6 21. Bd7 Bxe3+ 22. Rxe3 Ref8 23. Rb3+ 1-0

[Event "Plzen, JF B"]
[Site "?"]
[Date "1999.??.??"]
[Round "6.2"]
[White "Galicek, S."]
[Black "Marous, R."]
[Result "1/2-1/2"]
[WhiteElo "1860"]
[BlackElo "1665"]
[PlyCount "78"]
[EventDate "1999.??.??"]
[Source "ChessBase"]
[SourceDate "1996.11.15"]

1. d4 f5 2. Nc3 Nf6 3. e4 fxe4 4. f3 exf3 5. Nxf3 g6 6. Bg5 Bg7 7. Qd2 O-O 8.
O-O-O c5 9. dxc5 Nc6 10. h4 Qa5 11. Bh6 Qxc5 12. Bxg7 Kxg7 13. Bd3 d6 14. Ng5
Ne5 15. Be4 Nxe4 16. Ncxe4 Qc4 17. Kb1 Bf5 18. Nc3 h5 19. Nd5 Rfe8 20. Ne3 Qc8
21. Nxf5+ Qxf5 22. Rhf1 Qg4 23. Qd5 Qc4 24. Qxc4 Nxc4 25. Ne6+ Kg8 26. Rd4 Rac8
27. b3 Ne3 28. Rf2 Nf5 29. Rb4 b6 30. g4 Ng7 31. Re4 Nxe6 32. Rxe6 Kg7 33. gxh5
gxh5 34. Rfe2 Kf7 35. Rh6 Rc5 36. Rg2 Rec8 37. Rh7+ Ke6 38. Re2+ Kf6 39. Rhxe7
Rxc2 1/2-1/2

[Event "Plzen, JF B"]
[Site "?"]
[Date "1999.??.??"]
[Round "6.3"]
[White "Petera, L."]
[Black "Sedy, P."]
[Result "0-1"]
[WhiteElo "1324"]
[BlackElo "1671"]
[PlyCount "58"]
[EventDate "1999.??.??"]
[Source "ChessBase"]
[SourceDate "1996.11.15"]

1. Nf3 Nf6 2. d3 d5 3. g3 Nc6 4. Bg2 e5 5. O-O Be6 6. Re1 Qd7 7. Nbd2 O-O-O 8.
b3 Bh3 9. c4 Bxg2 10. Kxg2 e4 11. Ng5 h6 12. Nh3 dxc4 13. bxc4 exd3 14. exd3
Qxd3 15. Qa4 Bb4 16. Re3 Qd6 17. Nf3 Rhe8 18. Rb1 Bc5 19. Reb3 b6 20. Bf4 Qd7
21. Qa6+ Kb8 22. Rb5 Ne4 23. Rc1 g5 24. Bd2 g4 25. Be1 gxf3+ 26. Kxf3 Qxh3 27.
Rxc5 Nxc5 28. Qa3 Nd4+ 29. Kf4 Qf5# 0-1

[Event "Plzen, JF B"]
[Site "?"]
[Date "1999.??.??"]
[Round "6.4"]
[White "Bauer, J."]
[Black "Horacek, D."]
[Result "0-1"]
[WhiteElo "1575"]
[BlackElo "1704"]
[PlyCount "70"]
[EventDate "1999.??.??"]
[Source "ChessBase"]
[SourceDate "1996.11.15"]

1. d4 d5 2. c4 e6 3. Nc3 Nf6 4. Bg5 Be7 5. Nf3 Nbd7 6. e3 b6 7. Bxf6 Nxf6 8.
cxd5 exd5 9. Bd3 O-O 10. Rc1 Bb7 11. O-O c5 12. Ne2 Re8 13. Bb5 Rf8 14. Ng3 g6
15. Qe2 a6 16. Bd3 Ne4 17. dxc5 Nxg3 18. hxg3 bxc5 19. Rfd1 Qb6 20. Qc2 Rac8
21. b3 Bf6 22. e4 dxe4 23. Bxe4 Bxe4 24. Qxe4 Rfe8 25. Qc2 Re7 26. Nd2 Re2 27.
Nc4 Qe6 28. Rd2 Re8 29. Ne3 Rxe3 30. fxe3 Qxe3+ 31. Kf1 Bd4 32. Rxd4 cxd4 33.
Rd1 Qxg3 34. Qd2 Re4 35. Re1 Rh4 0-1

[Event "Plzen, JF B"]
[Site "?"]
[Date "1999.??.??"]
[Round "6.5"]
[White "Svoboda, Jan"]
[Black "Smid, M."]
[Result "0-1"]
[WhiteElo "1553"]
[BlackElo "1669"]
[PlyCount "66"]
[EventDate "1999.??.??"]
[Source "ChessBase"]
[SourceDate "1996.11.15"]

1. e4 c5 2. Nf3 e6 3. d4 cxd4 4. Nxd4 Nf6 5. Nc3 Nc6 6. Be3 Bb4 7. Bd3 d5 8.
exd5 exd5 9. O-O O-O 10. Nce2 Bd6 11. Bg5 Bxh2+ 12. Kxh2 Ng4+ 13. Kg1 Qxg5 14.
Nf3 Qf6 15. Nc3 Be6 16. Bb5 Rad8 17. Re1 Qf4 18. Qe2 Nd4 19. Qd3 Nxf3+ 20. Qxf3
Qh2+ 21. Kf1 d4 22. Na4 a6 23. Bd3 b5 24. Nc5 Qh5 25. Qe4 Rfe8 26. Nxa6 Bd7 27.
Qxh7+ Qxh7 28. Bxh7+ Kxh7 29. Nc5 Bf5 30. Rac1 Rxe1+ 31. Kxe1 Re8+ 32. Kf1 Kg6
33. b4 Ra8 0-1

[Event "Plzen, JF B"]
[Site "?"]
[Date "1999.??.??"]
[Round "6.6"]
[White "Kralovec, V."]
[Black "Studnicka, T."]
[Result "1/2-1/2"]
[WhiteElo "1536"]
[BlackElo "1651"]
[PlyCount "100"]
[EventDate "1999.??.??"]
[Source "ChessBase"]
[SourceDate "1996.11.15"]

1. e4 d6 2. d4 Nf6 3. Nc3 g6 4. f3 Bg7 5. Be3 O-O 6. Qd2 Nbd7 7. Bd3 c5 8. d5
Ne5 9. Bh6 a6 10. Bxg7 Kxg7 11. f4 Nxd3+ 12. cxd3 b5 13. Nf3 e6 14. dxe6 Bxe6
15. O-O d5 16. e5 Ng8 17. Qf2 Rc8 18. Ng5 h6 19. Nxe6+ fxe6 20. g4 Ne7 21. Qg3
Qb6 22. Kh1 Kh7 23. Rf3 c4 24. Raf1 b4 25. Na4 Qb5 26. b3 cxd3 27. Rxd3 Rc2 28.
Rdf3 Rxa2 29. Rc1 Rf7 30. f5 gxf5 31. gxf5 Nxf5 32. Rxf5 exf5 33. Rg1 Rxh2+ 34.
Kxh2 Qe2+ 35. Rg2 Qh5+ 36. Kg1 Qd1+ 37. Kh2 Qh5+ 38. Qh3 Qxh3+ 39. Kxh3 d4 40.
Rd2 Re7 41. Rxd4 Rxe5 42. Rxb4 a5 43. Rb7+ Kg6 44. Kg3 Kg5 45. Nb2 Rc5 46. Nd1
Rc1 47. Nf2 Rb1 48. Rb6 Rg1+ 49. Kf3 Rf1 50. Kg2 Rc1 1/2-1/2

[Event "Plzen, JF B"]
[Site "?"]
[Date "1999.??.??"]
[Round "6.7"]
[White "Sodoma, J."]
[Black "Priborsky, M."]
[Result "1/2-1/2"]
[WhiteElo "1745"]
[BlackElo "1487"]
[PlyCount "57"]
[EventDate "1999.??.??"]
[Source "ChessBase"]
[SourceDate "1996.11.15"]

1. e4 e5 2. Nf3 Nc6 3. d4 exd4 4. Nxd4 Bc5 5. Be3 Bxd4 6. Bxd4 Nf6 7. Nc3 O-O
8. Bc4 Re8 9. f3 d6 10. O-O Be6 11. Bb3 Bxb3 12. axb3 Nxd4 13. Qxd4 a6 14. b4
Qd7 15. Ra3 Rad8 16. Rd1 h6 17. Ne2 Qe6 18. c4 Qe5 19. Rad3 Qxd4+ 20. Rxd4 Rc8
21. Nc3 Re7 22. Nd5 Nxd5 23. cxd5 Kf8 24. Kf2 Ke8 25. f4 f6 26. g4 Kf7 27. Kf3
g5 28. h4 Kg6 29. h5+ 1/2-1/2

[Event "Plzen, JF B"]
[Site "?"]
[Date "1999.??.??"]
[Round "6.8"]
[White "Svoboda, Jar"]
[Black "Cervinka, R."]
[Result "1-0"]
[WhiteElo "1740"]
[BlackElo "1444"]
[PlyCount "43"]
[EventDate "1999.??.??"]
[Source "ChessBase"]
[SourceDate "1996.11.15"]

1. e4 c6 2. d4 d5 3. e5 Bf5 4. Nf3 e6 5. Be2 Nd7 6. Be3 c5 7. c3 cxd4 8. cxd4
Bxb1 9. Rxb1 Bb4+ 10. Bd2 Bxd2+ 11. Qxd2 Ne7 12. O-O O-O 13. Bd3 h6 14. Rbc1
Qb6 15. Rc3 Nc6 16. Rfc1 Rac8 17. Rb3 Qc7 18. Bb5 Ndb8 19. Nh4 Qe7 20. f4 Kh8
21. Rh3 Rg8 22. Nf5 1-0

[Event "Plzen, JF B"]
[Site "?"]
[Date "1999.??.??"]
[Round "6.9"]
[White "Barton, J."]
[Black "Martinek, P."]
[Result "1-0"]
[WhiteElo "1705"]
[BlackElo "1550"]
[PlyCount "116"]
[EventDate "1999.??.??"]
[Source "ChessBase"]
[SourceDate "1996.11.15"]

1. e4 e5 2. Nf3 Nc6 3. Bc4 Be7 4. c3 Nf6 5. d4 exd4 6. e5 Ne4 7. cxd4 d5 8. Bb5
O-O 9. Nbd2 Bg4 10. Qc2 Nxd2 11. Nxd2 Nxd4 12. Qa4 c5 13. Nf3 a6 14. Be2 b5 15.
Qd1 Nxf3+ 16. Bxf3 Bxf3 17. Qxf3 d4 18. O-O Qc7 19. Bf4 Qb6 20. Rac1 Rad8 21.
Rfd1 c4 22. b3 Ba3 23. Rb1 c3 24. Qd3 Qc5 25. Qc2 Rd5 26. Rd3 Qe7 27. Rbd1 Bc5
28. Rxc3 dxc3 29. Rxd5 b4 30. Qd3 f6 31. Qc4 Bxf2+ 32. Kxf2 Qe6 33. Kg1 fxe5
34. Be3 Kh8 35. Bc5 Rg8 36. Bxb4 c2 37. Rc5 Qd7 38. Qxc2 Qd4+ 39. Qf2 Qxb4 40.
Rxe5 Rf8 41. Rf5 Rd8 42. h3 Kg8 43. Qe2 Qd4+ 44. Kh1 Qb6 45. Re5 Rf8 46. Re8
Qf6 47. Qc4+ Kh8 48. Rxf8+ Qxf8 49. Qxa6 h6 50. Qe2 Qf4 51. Qe1 Qf8 52. b4 Qa8
53. Qb1 h5 54. b5 g5 55. b6 Qb7 56. Qb5 Kh7 57. Qf5+ Kh8 58. Qe5+ Kh7 1-0